000 00280nam a22001337a 4500
008 170914b xxu||||| |||| 00| 0 eng d
020 _a9780813517346
041 _aeng
080 _a7
100 _a44
101 _aART
245 _aART DISCOURSEL
_cPRINZ,J
942 _2udc
_cBK
999 _c27755
_d27755